000
00256nam a2200097Ia 4500
001
1041801
005
20250826232048.0
008
250824s9999 xx 000 0 und d
245
0
_a
DAMDAN DÜŞEN PSİKOLOG
_c
DOĞAN CÜCELOĞLU
260
_b
REMZİ KİTABEVİ
999
_c
1041801
_d
1041801